Organizational communication : (Record no. 4989)
[ view plain ]
| 000 -LEADER | |
|---|---|
| fixed length control field | 01488cam a22002174a 4500 |
| 020 ## - INTERNATIONAL STANDARD BOOK NUMBER | |
| ISBN | 0534617883 (hbk.) |
| 020 ## - INTERNATIONAL STANDARD BOOK NUMBER | |
| ISBN | 9780534617882 |
| 050 00 - CALL NUMBER | |
| Classification number | HD30.3 |
| Item number | .M55 |
| 100 1# - AUTHOR | |
| Personal name | Miller, Katherine, |
| 245 10 - TITLE | |
| Title | Organizational communication : |
| Remainder of title | approaches and processes / |
| Statement of responsibility, etc | Katherine Miller. |
| 250 ## - EDITION | |
| Edition statement | 4th ed. |
| 260 ## - PUBLICATION INFORMATION | |
| Place of publication | Belmont, CA : |
| Name of publisher | Thomson/Wadsworth, |
| Year of publication | c2006. |
| 300 ## - DESCRIPTION | |
| Number of Pages | xix, 364 p. : |
| Other physical details | ill. ; |
| Dimensions | 24 cm. |
| 440 #0 - SERIES | |
| SERIES | Wadsworth series in speech communication |
| 505 ## - FORMATTED CONTENTS NOTE | |
| Table of Content | Part. A. Founding approaches --<br/>Chapter 1. Classical approaches --<br/>Chapter 2. Human relations approaches --<br/>Chapter 3. Human resources approaches --<br/>--<br/>Part. B. Contemporary approaches --<br/>Chapter 4. Systems approaches --<br/>Chapter 5. Cultural approaches --<br/>Chapter 6. Critical approaches --<br/>--<br/>Part. C. Enduring processes --<br/>Chapter 7. Assimilation processes --<br/>Chapter 8. Decision-making processes --<br/>Chapter 9. Conflict management processes --<br/>Chapter 10. Change and leadership processes in organizations --<br/>--<br/>Part. D. Emerging processes --<br/>Chapter 11. Processes of emotion in the workplace --<br/>Chapter 12. Organizational diversity processes --<br/>Chapter 13. Technological processes --<br/>Chapter 14. The changing landscape of organizations.<br/>References <br/>Name Index<br/>Subject Index |
| 650 #0 - SUBJECTS | |
| Topical Term | Communication in organizations. |
| 650 #0 - SUBJECTS | |
| Topical Term | Communication in personnel management. |
| 650 #0 - SUBJECTS | |
| Topical Term | Interpersonal communication. |
| 650 #0 - SUBJECTS | |
| Topical Term | Communication in organizations |
| 942 ## - ADDED ENTRY ELEMENTS (KOHA) | |
| Koha item type | Books |
| Withdrawn status | Lost status | Collection code | Home library | Current library | Shelving location | Date acquired | Full call number | Accession Number | Koha item type |
|---|---|---|---|---|---|---|---|---|---|
| Reference | Methodist University Library Main | Methodist University Library Main | General Stacks | 11/11/2009 | HD30.3 .M55 | 30176 | Books | ||
| Reference | Methodist University Library Main | Methodist University Library Main | General Stacks | 11/11/2009 | HD30.3 .M55 | 30186 | Books |